1651 1778 1102 1504 1766 1607 1099 1835 1619 1442 1864 1139 1092 1787 1549 1968 1790 1107 1190 1669 1490 1488 1134 1920 1262 1989 1587 1968 1978 1364 1471 1726 1076 1154 1444 1222 1097 1524 1034 1986 1806 1423 1101 1070 1144 1604 1766 1877 1162 1109 1854 1542 1043 1183 1510 1375 1142 1707 1189 1323 1212 1950 1257 1821 1858 1027 1262 1662 1635 1383 1014 1460 1558 1400 1945 1081 1650 1135 1858 1327 1886 1427 1923 1454 1935 1703 1596 1104 1329 1901 1228 1431 1012 1786 1522 1587 1467 1557 1102 BCNSPRNW ULIB Ver.6.0+V

เปลี่ยนเป็นภาษาไทย

Change to English
 แสดงรายละเอียดบรรณานุกรม
  กลับหน้าหลัก

Brief Record : Get Marc (ISO 2709) : E-mail record : QR code < ปิดหน้าต่าง
LEADER : 00000nam 2200000uu 4500
001    13399121988
003     ULIB
008    121218s2550||||th 000 0 tha d
020    ^a9789741148790
060 04 ^aWL704^bช351ค 2550
245 00 ^aความปวดและการจัดการความปวดในกลุ่มผู้ป่วยที่มีปัญหาพิเศษ =Pain and pain management in special population /^cชัชชัย ปรีชาไว, อนงค์ ประสาธน์วนกิจ, วงจันทร์ เพชรพิเชฐเชียร บรรณาธิการ
246 31 ^aPain and pain management in special population
250    ^aพิมพ์ครั้งที่ 1
260    ^aสงขลา :^bชานเมืองการพิมพ์,^c2550
300    ^a208 หน้า :^bภาพประกอบ, ตาราง
504    ^aมีบรรณานุกรมและดรรชนีประกอบ
650  2 ^aPain
650  2 ^aPain management
700 00 ^aชัชชัย ปรีชาไว,^eบรรณาธิการ
700 00 ^aอนงค์ ประสาธน์วนกิจ,^eบรรณาธิการร่วม
700 00 ^aวงจันทร์ เพชรพิเชฐเชียร,^eบรรณาธิการร่วม
945    ^p220^l0^i15118
995    ^aทศพร
999    ^aทศพร เกษรทอง
รายการนี้ยังไม่มีแท็ก
คุณยังไม่ได้ล็อกอิน คุณสามารถมีกิจกรรมร่วมกับเว็บไซต์ได้ แต่ต้องล็อกอินก่อน ::
  ล็อกอิน

รายการสื่อสารสนเทศ

ลำดับที่ ประเภท เลขเรียก/บาร์โค้ด สถานที่ สถานะ
1. วิทยาศาสตร์การแพทย์ และสุขภาพ
วิทยาศาสตร์การแพทย์ และสุขภาพ
WL704 ช351ค 2550 ฉ.1 
  Barcode: 15118
ห้องสมุดวิทยาเขตสวรรค์ประชารักษ์
►ส่วนจัดเก็บหนังสือเก่า สปร
บนชั้น
  ขอยืม

รายการใกล้เคียง
    หัวเรื่อง [Pain]
    หัวเรื่อง [Pain management]

BibComment


ยังไม่เคยถูกคอมเมนท์

คอมเมนท์ทรัพยากรรายการนี้
  คอมเมนท์: ความปวดและการจัด..


 Copyright 2026. Bcnsprnw @Library